Nariadenie o ochrane osobných údajov a pripravovaný nový zákon o ochrane osobných údajov účinné od mája 2018
Historický prehľad o legislatíve v oblasti ochrany osobných údajov. Platnosť a účinnosť nového nariadenia a nového zákona o ochrane osobných údajov. Čo tvorí aktuálnu právnu úpravu do 25. mája 2018. Ochrana osobných údajov v Slovenskej republike v kontexte sekundárneho komunitárneho práva Európskej...
Guardado en:
| Autor principal: | |
|---|---|
| Formato: | Capítulo de libro |
| Lenguaje: | eslovaco |
| Materias: | |
| Etiquetas: |
Sin Etiquetas, Sea el primero en etiquetar este registro!
|
MARC
| LEADER | 00000naa a2200000 4500 | ||
|---|---|---|---|
| 001 | 0235669 | ||
| 005 | 20170907144329.9 | ||
| 041 | 0 | |a slo | |
| 044 | |a SK | ||
| 245 | 1 | 0 | |a Nariadenie o ochrane osobných údajov a pripravovaný nový zákon o ochrane osobných údajov účinné od mája 2018 |c Marcela Macová |
| 520 | |a Historický prehľad o legislatíve v oblasti ochrany osobných údajov. Platnosť a účinnosť nového nariadenia a nového zákona o ochrane osobných údajov. Čo tvorí aktuálnu právnu úpravu do 25. mája 2018. Ochrana osobných údajov v Slovenskej republike v kontexte sekundárneho komunitárneho práva Európskej únie od mája 2018. Dokumentácia podľa nariadenia. | ||
| 610 | 2 | 0 | |a ochrana údajov osobných |
| 610 | 2 | 0 | |a legislatíva |
| 610 | 2 | 0 | |a právo občianske |
| 610 | 2 | 0 | |a osoby fyzické |
| 610 | 2 | 0 | |a informácie |
| 610 | 2 | 0 | |a ochrana práv občanov |
| 610 | 2 | 0 | |a Slovensko |
| 610 | 2 | 0 | |a Európska únia |
| 100 | 1 | |a Macová, Marcela | |